[Event "34th Leon Blitz Final"]
[Site "chess.com INT"]
[Date "2021.07.07"]
[Round "3.4"]
[White "Martinez Alcantara, Jose Eduardo"]
[Black "Sarana, Alexey"]
[Result "1/2-1/2"]
[WhiteTitle "GM"]
[BlackTitle "GM"]
[WhiteElo "2620"]
[BlackElo "2640"]
[WhiteFideId "3805662"]
[BlackFideId "24133795"]
[EventDate "2021.07.07"]

1. e4 c5 2. Nf3 d6 3. Bb5+ Nd7 4. a4 Nf6 5. Nc3 Qa5 6. O-O a6 7. Bxd7+ Bxd7 8.
d4 cxd4 9. Nxd4 e6 10. Nb3 Qc7 11. a5 Be7 12. Be3 O-O 13. f3 Bc6 14. Bd4 Qd7 15.
Re1 e5 16. Bf2 Qe6 17. Nc1 Rfd8 18. Nd3 Rac8 19. Qe2 h6 20. Rad1 Qc4 21. Bb6 Re8
22. Qd2 Bf8 23. b3 Qe6 24. Nb4 Qd7 25. Re2 Qe6 26. Ncd5 Bxd5 27. Nxd5 Nxd5 28.
Qxd5 Qd7 29. c4 Qe7 30. Red2 Rc6 31. Rc2 Rec8 32. g3 Qe6 33. Kg2 Be7 34. Rcd2
Bd8 35. Qxe6 fxe6 36. Rxd6 Bxb6 37. axb6 Kh7 38. h4 Kg6 39. g4 Kf6 40. g5+ hxg5
41. hxg5+ Kxg5 42. Rd7 Rxb6 43. Rxg7+ Kf6 44. Rdd7 Rf8 45. Rxb7 Rxb3 46. Rxb3
Kxg7 47. Rb6 Kf6 48. Rxa6 Rc8 49. Ra4 Kg5 50. Kg3 Rc6 51. Rb4 Rc7 52. Rb6 Kf6
53. Rb4 Kg5 54. Kf2 Kf4 55. Ke2 Rc8 56. Ra4 Rc7 57. Rb4 Rc8 1/2-1/2

[Event "34th Leon Blitz Final"]
[Site "chess.com INT"]
[Date "2021.07.07"]
[Round "3.5"]
[White "Martinez Alcantara, Jose Eduardo"]
[Black "Sarana, Alexey"]
[Result "1-0"]
[WhiteTitle "GM"]
[BlackTitle "GM"]
[WhiteElo "2620"]
[BlackElo "2640"]
[WhiteFideId "3805662"]
[BlackFideId "24133795"]
[EventDate "2021.07.07"]

1. e4 c5 2. Nf3 d6 3. Bb5+ Nd7 4. a4 Nf6 5. Nc3 a6 6. Bxd7+ Bxd7 7. O-O e6 8. d4
cxd4 9. Nxd4 Be7 10. a5 O-O 11. Be3 e5 12. Nf3 Bc6 13. Bb6 Qd7 14. Qd3 h6 15.
Rfe1 Bd8 16. Be3 Re8 17. Red1 Bc7 18. Nd2 d5 19. exd5 Nxd5 20. Nc4 Rad8 21. Nxd5
Qxd5 22. Qxd5 Bxd5 23. Bb6 Bxc4 24. Bxc7 Rc8 25. Bb6 Be6 26. Rd2 f6 27. b3 g5
28. c4 Kf7 29. f3 h5 30. h3 g4 31. hxg4 hxg4 32. fxg4 Bxg4 33. Rf1 Rc6 34. Kf2
Rg8 35. Rh1 Bf5 36. Rh4 Ke6 37. b4 Rd6 38. Rxd6+ Kxd6 39. Be3 Bd7 40. Rh7 Rg4
41. Bc5+ Kc6 42. Rh6 Rf4+ 43. Ke3 Be6 44. Be7 Rxc4 45. Bxf6 Kd5 46. Rh5 Re4+ 47.
Kd2 Bg4 48. Rh7 Rxb4 49. Re7 Be6 50. Kc3 Rc4+ 51. Kd2 Rf4 52. Bg7 Rg4 53. Rxb7
Rxg2+ 54. Ke3 Ra2 55. Rb3 Bf5 56. Bf8 Rh2 57. Rb6 Rh3+ 58. Kf2 Bd3 59. Rd6+ Ke4
60. Kg2 Rh7 61. Bh6 Rc7 62. Kg3 Rc2 63. Bg7 Bf1 64. Kh4 Rh2+ 65. Kg5 Rg2+ 66.
Kf6 Rf2+ 67. Ke7 Bc4 68. Bf6 Rb2 69. Rd7 Rb5 70. Rc7 Bd5 71. Rd7 Rxa5 72. Bg7
Rb5 73. Rd8 Kf5 74. Kf8 1-0